[Event "EU-ch U16 26th"]
[Site "Prague"]
[Date "2016.08.22"]
[Round "5"]
[White "Chajda, Patrik"]
[Black "Chwistek, Karel"]
[Result "1/2-1/2"]
[WhiteElo "1669"]
[BlackElo "1961"]
[PlyCount "78"]
[EventDate "2016.08.18"]
[EventType "swiss"]
[EventRounds "9"]
[EventCountry "CZE"]
[SourceTitle "CBM 174 Extra"]
[Source "ChessBase"]
[SourceDate "2016.10.10"]
[SourceVersion "1"]
[SourceVersionDate "2016.10.10"]
[SourceQuality "1"]

1. d4 Nf6 2. Bg5 g6 3. Bxf6 exf6 4. e3 Bg7 5. g3 0-0 6. Bg2 d5 7. c4 dxc4 8. Nc3 c6 9. Nge2 Nd7 10. 0-0 f5 11. Rb1 Nb6 12. a4 Be6 13. Nf4 Bd5 14. Nfxd5 Nxd5 15. Nxd5 cxd5 16. Qf3 Rc8 17. Qxd5 Rc7 18. Rfc1 Qxd5 19. Bxd5 Rfc8 20. Rc3 a6 21. b3 b5 22. axb5 axb5 23. bxc4 bxc4 24. Rbc1 Bf8 25. Rxc4 Rxc4 26. Rxc4 Rxc4 27. Bxc4 Bd6 28. Kg2 Kg7 29. h3 h5 30. Kf3 Kf6 31. g4 fxg4+ 32. hxg4 hxg4+ 33. Kxg4 Ke7 34. f4 f6 35. e4 Bb4 36. e5 Bc3 37. exf6+ Kxf6 38. d5 Bb4 39. Kf3 Bd6 1/2-1/2

[Event "CZE-chT U18 Extraliga final-B 1516"]
[Site "Czech Republic"]
[Date "2016.04.24"]
[Round "11.3"]
[White "Chajda, Patrik"]
[Black "Novak, Jan2222"]
[Result "0-1"]
[WhiteElo "1734"]
[BlackElo "1525"]
[PlyCount "102"]
[EventDate "2015.10.03"]
[EventType "team-tourn"]
[EventRounds "11"]
[EventCountry "CZE"]
[SourceTitle "EXT 2022"]
[Source "ChessBase"]
[SourceDate "2021.10.06"]
[SourceVersion "1"]
[SourceVersionDate "2021.10.06"]
[SourceQuality "1"]
[WhiteTeam "Ricany U18"]
[BlackTeam "Orlova Slavia U18 II"]
[WhiteTeamCountry "CZE"]
[BlackTeamCountry "CZE"]

1. e4 e5 2. Nf3 Nc6 3. Bb5 Nf6 4. 0-0 d6 5. c3 Bd7 6. d4 Be7 7. Re1 a6 8. Ba4 b5 9. Bc2 0-0 10. h3 exd4 11. cxd4 Nb4 12. Bb3 c5 13. e5 dxe5 14. dxe5 Ne8 15. Nc3 c4 16. Bc2 Nxc2 17. Qxc2 Be6 18. Be3 Nc7 19. Rad1 Qc8 20. Qe2 Qb7 21. Ng5 Bf5 22. Qf3 Qxf3 23. Nxf3 Bd3 24. Nd4 Ne6 25. Nd5 Bd8 26. Nxe6 fxe6 27. Nf4 Ba5 28. Nxd3 cxd3 29. Bd2 Bb6 30. Be3 Ba5 31. Rf1 Rfd8 32. Bd2 Bxd2 33. Rxd2 Rd5 34. Rfd1 Rad8 35. f4 Kf7 36. Kf2 g5 37. g3 gxf4 38. gxf4 Kg6 39. Ke3 Kf5 40. Rg1 h6 41. Rg7 R5d7 42. Rg4 Rd5 43. Rh4 Kg6 44. Rg4+ Kf5 45. Rg3 Rd4 46. Rg4 Re4+ 47. Kf3 Rdd4 48. Kg3 Re2 49. Rxe2 dxe2 50. Kf2 Rxf4+ 51. Kxe2 Rxg4 0-1

[Event "Ricany op"]
[Site "Ricany"]
[Date "2015.08.29"]
[Round "9"]
[White "Tejkal, Jiri"]
[Black "Chajda, Patrik"]
[Result "0-1"]
[WhiteElo "1909"]
[BlackElo "1647"]
[PlyCount "100"]
[EventDate "2015.08.22"]
[EventType "swiss"]
[EventRounds "9"]
[EventCountry "CZE"]
[SourceTitle "EXT 2023"]
[Source "ChessBase"]
[SourceDate "2022.10.05"]
[SourceVersion "1"]
[SourceVersionDate "2022.10.05"]
[SourceQuality "1"]

1. d4 Nf6 2. Nf3 g6 3. Bf4 Bg7 4. e3 0-0 5. c4 d5 6. Nc3 c5 7. dxc5 Qa5 8. Be2 dxc4 9. Bxc4 Ne4 10. 0-0 Nxc3 11. bxc3 Nc6 12. Qe2 Qxc5 13. Rfd1 Na5 14. Bd5 Bf5 15. e4 e6 16. Be3 Qc7 17. exf5 exd5 18. Rxd5 Rfe8 19. Qb5 Nc6 20. Rb1 Rad8 21. Rc5 Qd6 22. g3 Rd7 23. Bf4 Qd3 24. Kg2 Bf8 25. Qxd3 Rxd3 26. Rcb5 Rxc3 27. Rxb7 Rc2 28. Rc7 Ree2 29. Rf1 Nb4 30. Rxa7 Nd3 31. Ra8 Rxf2+ 32. Rxf2 Nxf2 33. Bh6 Ng4+ 34. Kh3 Nxh6 35. g4 gxf5 36. gxf5 Nxf5 37. a4 Kg7 38. Kg4 Ne3+ 39. Kf4 Nd5+ 40. Ke4 Nb6 41. Ra7 Rc4+ 42. Kf5 Rxa4 43. Rb7 Ra5+ 44. Kg4 Nc4 45. Ng5 Ne5+ 46. Kh5 Ra6 47. Kh4 Rh6+ 48. Kg3 Bd6 49. Ne4 Nc4+ 50. Kg4 Rxh2 0-1

[Event "Ricany op"]
[Site "Ricany"]
[Date "2015.08.25"]
[Round "5"]
[White "Civin, Dominik"]
[Black "Chajda, Patrik"]
[Result "1/2-1/2"]
[WhiteElo "1793"]
[BlackElo "1647"]
[PlyCount "71"]
[EventDate "2015.08.22"]
[EventType "swiss"]
[EventRounds "9"]
[EventCountry "CZE"]
[SourceTitle "EXT 2023"]
[Source "ChessBase"]
[SourceDate "2022.10.05"]
[SourceVersion "1"]
[SourceVersionDate "2022.10.05"]
[SourceQuality "1"]

1. c4 Nf6 2. Nc3 g6 3. g3 Bg7 4. Bg2 0-0 5. d3 c6 6. e4 e5 7. Nge2 Na6 8. 0-0 Nc7 9. f4 d6 10. h3 Nd7 11. f5 Nb6 12. g4 d5 13. b3 a5 14. a4 dxc4 15. dxc4 Qxd1 16. Rxd1 Na6 17. Be3 Nd7 18. Rd6 Re8 19. Rad1 Nac5 20. Nc1 Bf8 21. R6d2 Nb6 22. Kh2 Bd7 23. Nd3 Nxb3 24. Bxb6 Nxd2 25. Rxd2 Bb4 26. Nxb4 axb4 27. Ne2 Bc8 28. a5 Re7 29. Nc1 Rd7 30. Rxd7 Bxd7 31. c5 f6 32. Bf1 Be8 33. Bc4+ Bf7 34. Bxf7+ Kxf7 35. Nb3 Re8 36. Bc7 1/2-1/2

[Event "Ricany op"]
[Site "Ricany"]
[Date "2015.08.22"]
[Round "1"]
[White "Mladek, Richard"]
[Black "Chajda, Patrik"]
[Result "1-0"]
[WhiteElo "1960"]
[BlackElo "1647"]
[PlyCount "35"]
[EventDate "2015.08.22"]
[EventType "swiss"]
[EventRounds "9"]
[EventCountry "CZE"]
[SourceTitle "EXT 2023"]
[Source "ChessBase"]
[SourceDate "2022.10.05"]
[SourceVersion "1"]
[SourceVersionDate "2022.10.05"]
[SourceQuality "1"]

1. e4 e6 2. d4 d5 3. Nd2 Be7 4. Ngf3 Nf6 5. e5 Nfd7 6. Bd3 c5 7. c3 Nc6 8. 0-0 0-0 9. Re1 Qb6 10. Nf1 f6 11. exf6 Nxf6 12. Ne5 Nxe5 13. dxe5 Nd7 14. Qh5 g6 15. Bxg6 hxg6 16. Qxg6+ Kh8 17. Re3 Rf4 18. Rg3 1-0

[Event "Rakovnik Regional-chT 1415"]
[Site "Rakovnik"]
[Date "2014.10.19"]
[Round "1.7"]
[White "Misicko, Jan"]
[Black "Chajda, Patrik"]
[Result "1-0"]
[WhiteElo "2036"]
[BlackElo "1634"]
[PlyCount "49"]
[EventDate "2014.10.19"]
[EventType "team-tourn"]
[EventRounds "11"]
[EventCountry "CZE"]
[SourceTitle "EXT 2016"]
[Source "ChessBase"]
[SourceDate "2015.10.08"]
[SourceVersion "1"]
[SourceVersionDate "2015.10.08"]
[SourceQuality "1"]
[WhiteTeam "Rakovnik"]
[BlackTeam "Ricany III"]
[WhiteTeamCountry "CZE"]
[BlackTeamCountry "CZE"]

1. c4 Nf6 2. g3 c6 3. Bg2 g6 4. Nc3 Bg7 5. e4 0-0 6. Nge2 e5 7. 0-0 d6 8. d3 Nbd7 9. h3 Nb6 10. f4 Nfd7 11. f5 Nc5 12. Be3 Na6 13. g4 Nc7 14. Qd2 Re8 15. Ng3 d5 16. exd5 cxd5 17. Bxb6 axb6 18. Nxd5 gxf5 19. Nxf5 Bxf5 20. Rxf5 b5 21. Raf1 bxc4 22. dxc4 e4 23. Qf4 Nxd5 24. Rxd5 Qb6+ 25. Kh1 1-0

[Event "Ricany op-A"]
[Site "Ricany"]
[Date "2014.08.29"]
[Round "8"]
[White "Chajda, Patrik"]
[Black "Zak, Jiri"]
[Result "1/2-1/2"]
[WhiteElo "1335"]
[BlackElo "1776"]
[PlyCount "80"]
[EventDate "2014.08.23"]
[EventType "swiss"]
[EventRounds "9"]
[EventCountry "CZE"]
[SourceTitle "EXT 2015"]
[Source "ChessBase"]
[SourceDate "2014.11.20"]
[SourceVersion "1"]
[SourceVersionDate "2014.11.20"]
[SourceQuality "1"]

1. e4 e5 2. Nf3 Nc6 3. Bb5 a6 4. Ba4 Nf6 5. 0-0 b5 6. Bb3 Be7 7. Re1 d6 8. h3 Bb7 9. c3 0-0 10. d4 exd4 11. cxd4 Nd7 12. Nc3 Nb6 13. a4 b4 14. Nd5 Nxd5 15. Bxd5 a5 16. Qc2 Qd7 17. Bf4 Bf6 18. Rac1 Ra6 19. Bc4 Rb6 20. Bb5 Qd8 21. d5 Nd4 22. Nxd4 Bxd4 23. Qxc7 Bxb2 24. Qxd8 Rxd8 25. Rcd1 Bc8 26. e5 dxe5 27. Bxe5 Bxe5 28. Rxe5 Rbd6 29. Rde1 g6 30. Bc4 Bd7 31. Bb3 Kf8 32. Rc1 Rc8 33. Ree1 Rxc1 34. Rxc1 Bxa4 35. Bxa4 Rxd5 36. Rc7 Rd3 37. Rc5 Ra3 38. Rxa5 b3 39. Ra8+ Kg7 40. Rb8 Rxa4 1/2-1/2

[Event "Mlada Boleslav Region-ch U20"]
[Site "Mlada Boleslav"]
[Date "2014.06.22"]
[Round "5"]
[White "Chajda, Patrik"]
[Black "Remes, Simon"]
[Result "1-0"]
[WhiteElo "1335"]
[BlackElo "1486"]
[PlyCount "58"]
[EventDate "2014.06.21"]
[EventType "swiss"]
[EventRounds "7"]
[EventCountry "CZE"]
[SourceTitle "EXT 2016"]
[Source "ChessBase"]
[SourceDate "2015.10.08"]
[SourceVersion "1"]
[SourceVersionDate "2015.10.08"]
[SourceQuality "1"]

1. e4 c5 2. Nf3 Nc6 3. d4 cxd4 4. Nxd4 g6 5. Nc3 Bg7 6. Be3 Nf6 7. Bc4 0-0 8. Bb3 d6 9. f3 Bd7 10. Qd2 a6 11. 0-0-0 b5 12. h4 b4 13. Nd5 a5 14. Nxf6+ exf6 15. Nxc6 Bxc6 16. Qxd6 Qxd6 17. Rxd6 Rfc8 18. Bd5 Bxd5 19. Rxd5 a4 20. Rhd1 b3 21. axb3 axb3 22. c3 Rcb8 23. Rd6 h5 24. Rb6 Rxb6 25. Bxb6 Ra7 26. Kb1 Bh6 27. Bc5 Ra8 28. Ba7 f5 29. Rd8+ Rxd8 1-0

[Event "Mlada Boleslav Region-ch U20"]
[Site "Mlada Boleslav"]
[Date "2014.06.21"]
[Round "4"]
[White "Jary, Zbynek"]
[Black "Chajda, Patrik"]
[Result "1/2-1/2"]
[WhiteElo "1556"]
[BlackElo "1335"]
[PlyCount "43"]
[EventDate "2014.06.21"]
[EventType "swiss"]
[EventRounds "7"]
[EventCountry "CZE"]
[SourceTitle "EXT 2016"]
[Source "ChessBase"]
[SourceDate "2015.10.08"]
[SourceVersion "1"]
[SourceVersionDate "2015.10.08"]
[SourceQuality "1"]

1. d4 Nf6 2. Nf3 g6 3. g3 c6 4. Bg2 Bg7 5. 0-0 0-0 6. Bg5 d5 7. Bxf6 Bxf6 8. c3 Bf5 9. Nbd2 Nd7 10. Nb3 e5 11. dxe5 Nxe5 12. Nxe5 Bxe5 13. e3 Qc8 14. Nd4 Bh3 15. Re1 Bxg2 16. Kxg2 Qc7 17. Qc2 Rad8 18. Rad1 Rd7 19. Nf3 Bg7 20. Rd2 Rfd8 21. Red1 Qb6 22. Qb3 1/2-1/2